000 00293nam a22001337a 4500
008 170221b xxu||||| |||| 00| 0 eng d
020 _a139780840031648
041 _aeng
080 _26 ED
_a615
100 _a5
101 _aSHF
245 _aDRUG USE AND ABUSE
_cMAISTO.S.A
942 _2udc
_cBK
999 _c5976
_d5976